|
|
|
|
| LEADER |
00000nas a2200000 a 4500 |
| 001 |
ssj0019527 |
| 003 |
WaSeSS |
| 005 |
20200512172242.0 |
| 006 |
m d |
| 007 |
cr n |
| 008 |
911219d19912007ohufr p s 0 a0eng c |
| 010 |
|
|
|a 92660008
|z sn 92003743
|
| 015 |
|
|
|a 018305830
|2 dnb
|
| 016 |
7 |
|
|a 1328143-4
|2 DE-600
|
| 016 |
7 |
|
|a 007231568
|2 Uk
|
| 016 |
7 |
|
|a 018305830
|2 DE-101
|
| 022 |
|
|
|l 1061-0057
|y 1061-0057
|
| 035 |
|
|
|a (WaSeSS)ssj0019527
|
| 037 |
|
|
|b American Drama, Dept. of English, ML 69, Univ. of Cincinnati, Cincinnati, OH 45221
|c $25.00 (institutions)
|a $15.00 (individuals)
|
| 040 |
|
|
|a CIN
|b eng
|c CIN
|d NSD
|d DLC
|d NST
|d WAU
|d COO
|d IUL
|d SYS
|d OCLCQ
|d ORZ
|d RBN
|d WAU
|d CUI
|d OCLCQ
|d GBVCP
|d UKMGB
|d OCLCQ
|d OCLCF
|d OCLCO
|d OCL
|d XFH
|d GILDS
|d OCLCO
|d RDF
|d CBA
|d ZAS
|d WaSeSS
|
| 042 |
|
|
|a nsdp
|a pcc
|
| 043 |
|
|
|a n-us---
|
| 050 |
0 |
0 |
|a PS350
|b .A53
|
| 082 |
0 |
0 |
|a 812.009/05
|2 20
|
| 210 |
0 |
|
|a Am. drama
|
| 222 |
|
0 |
|a American drama
|
| 245 |
0 |
0 |
|a American drama
|h [electronic resource].
|
| 246 |
1 |
3 |
|a AD
|
| 260 |
|
|
|a Cincinnati, Ohio :
|b American Drama Institute,
|c c1991-
|
| 310 |
|
|
|a Semiannual
|
| 362 |
0 |
|
|a Vol. 1, no. 1 (fall 1991)-
|
| 362 |
1 |
|
|a Ceased with v. 16, no. 2 (summer 2007).
|
| 500 |
|
|
|a Title from cover.
|
| 506 |
|
|
|a License restrictions may limit access.
|
| 515 |
|
|
|a Vols. 1 (1991)-5 (1996), in v. 5, no. 2 (spring 1996).
|
| 588 |
|
|
|a Latest issue consulted: Vol. 16, no. 2 (summer 2007).
|
| 648 |
|
7 |
|a 1900-1999
|2 fast
|
| 650 |
|
0 |
|a American drama
|y 20th century
|x History and criticism
|v Periodicals.
|
| 650 |
|
0 |
|a Theater
|z United States
|x History
|y 20th century
|v Periodicals.
|
| 650 |
|
7 |
|a American drama.
|2 fast
|0 (OCoLC)fst00806998
|
| 650 |
|
7 |
|a Theater.
|2 fast
|0 (OCoLC)fst01149217
|
| 651 |
|
7 |
|a United States.
|2 fast
|0 (OCoLC)fst01204155
|
| 655 |
|
0 |
|a Electronic journals.
|
| 710 |
2 |
|
|a American Drama Institute.
|
| 850 |
|
|
|a DLC
|a InU
|a NIC
|a OCU
|a OU
|a PU
|a WaU
|
| 853 |
2 |
0 |
|8 1
|a v.
|b no.
|u 2
|v r
|i (year)
|j (season)
|w f
|x 24
|
| 856 |
4 |
0 |
|z Full text available from Research Library: 12/01/2003 to 07/31/2007
|u https://search.proquest.com/publication/45333
|
| 863 |
4 |
1 |
|8 1.1
|a <13>
|b <1>
|i <2004>
|j <24>
|